Quizzes
Events
Quiz Creation
Community
Videos
Private Events
Remove Ads
Sign In
Join for FREE
Feedback
Dark Mode
Quiz Categories
Sports
Geography
Music
Movies
Television
Just For Fun
Miscellaneous
History
Literature
Language
Science
Gaming
Entertainment
Religion
Holiday
For Kids
Quiz Lab
Recent
Popular Today
Quiz Kudos Today
Editor Picks
Curator Picks
Quizzes by...
Day
Popularity
Type
Ratings
Length
Year
Community
Subscriptions
Recent Discussions
Orange Saloon
Badges
Playlists
Quests
Create
Leaderboards
Showdown
Live 5
Trivia Bingo
Activity
Puzzle Library
Sporcle Events
Private Events
Virtual Trivia
Globe League
Become a Host
Pub Owners
SporcleCon
Opinionation
Our Games
Videos
Blog
Mobile Apps
Partnerships
Remove Ads and Go Orange
Feedback
Television
TV Characters
TV Show
Sitcom
Network
Friends
Reality Shows
Cast
South Park
Star Trek
The Simpsons
Doctor Who
Television
TV Characters
TV Show
Sitcom
Network
Friends
Reality Shows
Cast
South Park
Star Trek
The Simpsons
Doctor Who
Random Quiz
Search Sporcle
×
Quiz Lab
Quiz Lab
Television
TV Show
Type in answers that appear in a list
Type in answers that appear in a list
Classic
Best Score? Go Orange.
It's Always Sunny Espisode Names Stats
Can you name the It's Always Sunny in Philadelphia episode names?
By
MegWoah02
4m
12 Questions
329 Plays
329 Plays
329 Plays
Comments
Comments
Give Quiz Kudos
Give Quiz Kudos
-
- Ratings
hide this ad
Random Order
Randomize order of answers
Randomize order of answers
Replay
Link that replays current quiz
Next Quiz
Link to next quiz in quiz playlist
You Got
0%
They Got
Avg Score
65%
Avg Friend Score
Upgrade to see
Score Distribution
Jump to the score distribution portion of the page
Score
0/12
Timer
04:00
0
Plays Today
Description of Episode
Episode Name
% Correct
Dennis teaches the gang his method on getting women but they just can't seem to follow the steps correctly
The Dennis System
82.4%
Charlie and Frank keep waking up to a suprise in their bed. The question is who's leaving it there?
Who Pooped the Bed?
81.8%
Charlie tells the gang he may have this condition to try and get the Waitress to feel sorry for him
Charlie has Cancer
80.5%
It's the return of Charlie's famous song that has now been turned into a musical
The Nightman Cometh
79.3%
The gang puts on a dance competition and the winner gets ownership of Paddy's Pub
The Gang Dances Their Asses Off
69.6%
Pilot episode where Sweet Dee brings her friend from acting class to the bar
The Gang Gets Racist
69.3%
Dennis and Mac decided to try out for the Philadelphia Eagles
The Gang Gets Invincible
65%
The waitress takes a big step while Mac and Dennis try to bring Charlie into the dating world
The Waitress Is Getting Married
65%
Charlie goes to AA, while the rest of the gang are assigned to coach a basketball team
The Gang Gives Back
63.8%
Brother and sister quit their job at the bar to go after their dreams
Dennis and Dee go on Welfare
61.1%
Charlie invents a product for the bar, while Mac, Dennis and Frank decide to do the same. But it's Sweet Dee who gets 100% of the profit
Paddy's Pub: Home of the Original Kitten Mittens
37.1%
The gang splits up on their political views while three of the take that long walk down the isle
Mac Fights Gay Marriage
33.7%
Quiz Playlist
Details
Report
Send in Message
Add To Playlist
Classic:
Type in answers that appear in a list
Random Order:
Randomize order of answers
Last Updated: Feb 16, 2017
Quiz Scoreboard
CHALLENGE
Sign Up to Join the Scoreboard
Show All
Scores
Hide
Comments
May contain spoilers
Recently Published
9x9 Crossword: Cartoon Network
by jackfrog10
Miscellaneous
3m
College Basketball Coaching Resumes
by pancakes188
Sports
9m
Billboard Blitz: Fleetwood Mac
by CooCooCachoo
Music
15s
More to Explore
Quiz From the Vault
Featured Blog Post
Where Did the Easter Bunny Come From?
hide this ad
You Might Also Like...
Tags
TV Show Quiz
episode
It's Always Sunny in Philadelphia
season
Today's Top Quizzes in Television
Browse Television
hide this ad
Today's Top Quizzes in TV Show
Browse TV Show
Top Contributed Quizzes in Television
1
5-to-1: The Simpsons Families
2
5-to-1: Television Doctors
3
7-to-1: TV Show Settings
4
Adjectives in 00s TV Shows
5
Adjectives in 80s TV Shows
6
5-to-1: Streaming Originals
7
Adjectives in 10s TV Shows
8
Survivor Seasons
9
One Piece Logic Puzzle
10
All US Survivor Seasons in Order
Explore More
Trending Topics
NBA
Kpop
Crossword
Disney
Marvel
Harry Potter
Anime
WWE
The Office
Pokémon
NFL
Country
Song
Puzzle
Soccer
hide this ad
More By:
MegWoah02
Quiz
Plays
Rating
Category
Featured
Created
It's Always Sunny Espisode Names
329
5.00
Television
Dec 1, 2010
Go to Creator's Profile
Score Distribution
Quiz Creator Spotlight
MegWoah02
Follow
Send a Message
Quizzes Created
-
Created Quiz Play Count
-
More By This Creator
Popular Quizzes Today
1
Find the US States - No Outlines Minefield
2
Find the Countries of Europe - No Outlines Minefield
3
The Countries of the World
4
Find the US States
5
Risky Map Clicking: Biggest States A-Z
6
US States
7
Popular People in 1961
8
Movies - When Are They Set?
More Television Quizzes
Big Bang Theory Character Quotes
Curator's Pick
Trending Quizzes
Risky Map Clicking: Least Populous States A-Z
1-10 Letter G Words
1-10 Letter F Words
Risky Map Clicking: Next State Alphabetically
Adjectives in 80s TV Shows
Recently Updated
Leaping Animals
pecheneg
Reality TV Shows (A-Z)
bhenderson79
Rickey Henderson's Hall of Fame Teammates
pecheneg
Champions League XIs: Arsenal
pecheneg
Quick Pick: Celebrities in WWE's Hall of Fame
aduchscher
A-Z Keypad Blitz II
pecheneg
Multiple Oscar Actors
pecheneg
Mystery Phrase Blitz: Oscar 'Best Actors'
pecheneg
F. Scott Fitzgerald Novels
LTH
Pick 3 Villains
ddd62291
Trending Topics
Harry Potter
Kpop
Crossword
NBA
Marvel
Anime
Disney
Pokémon
Puzzle
NFL
Country
The Office
Song
Soccer
WWE
Your Account Isn't Verified!
In order to create a playlist on Sporcle, you need to verify the email address you used during registration. Go to your
Sporcle Settings
to finish the process.
Report this User
Report this user for behavior that violates our
Community Guidelines
.
Details:
Send Report
Go to the Sporcle.com Mobile Site →
Comments